000 00806nam a22002297a 4500
999 _c14927
_d14927
003 MIRAKIL
005 20220601120422.0
008 220601b tu ||||| |||| 00| 0 tur d
020 _a6786056781704
040 _aTR-AnCHP
_cTR-AnCHP
041 _atur
082 _a779.9914974
_bS55s 2017
100 _aSinanovic, Samir
245 1 0 _aSevgi gözüyle Bosna Hersek = Bosna i Hercegovina ocima ljubavi /
_cSamir Sinanovic ; Türkçe çeviri: Burcu Özdemir
246 _aBosna i Hercegovina ocima ljubavi
260 _aİstanbul :
_bBosna Sancak Akademik Kültür ve Tarih Vakfı,
_c2017
300 _a451 s. :
_b rnk. fotoğ. ;
_c23 sm.
651 0 _95531
_aBosna Hersek
_xfotoğraflar
700 _97108
_aÖzdemir, Burcu
_eçev.
740 _aBosna i Hercegovina ocima ljubavi
942 _2ddc
_cBKS